000 00349nam a2200157Ia 4500
100 _aJones/Michael
942 _cRB
366 _f17.5
654 _aaccounting
245 _aAccounting for Non specialists
260 _bWiley student edition
_aNew Delhi
_c2002
082 _a657.48/JON
_bJON
300 _a596
546 _aENGLISH
999 _c31898
_d31898